000
00280nam a2200109Ia 4500
001
588949
005
20250717120840.0
008
250717s9999 xx 000 0 und d
245
0
_a
Y-9 KANUNİ SULTAN SÜLEYMAN
_c
İSMAİL BİLGİN
260
_b
ERDEM YAYINLARI
_c
2020
300
_b
103
999
_c
588949
_d
588949